000 00926nam a2200265 i 4500
001 bg
100 1 _aSTRYCZEWSKA, Henryka Danuta
245 1 0 _aElektromagnetyczny układ zasilania reaktorów plazmowych ze ślizgającym się wyładowaniem łukowym /
_cHenryka Danuta Stryczewska ; Politechnika Lubelska.
260 _aLublin :
_bWydawnictwa Uczelniane PL,
_c1998.
300 _a146 s. :
_brys., wykr. ;
_c24 cm.
500 _aNa okł. nazwa przedmiotu : Elektryka. - Streszcz. ang.
504 _aBibliogr. s. 137-145.
650 9 _aGazy
_xhigiena
_xtechnologia
650 9 _aŁuk elektryczny
_xbadanie
650 9 _aPlazmotron
_xurządzenia
650 9 _aZasilacze
_xprojekty
710 0 _aPolitechnika Lubelska
020 _a8387270822
040 _cBPK
041 0 _apl
_ben
080 _a621.039.5/.6:621.318:533.9:537.5
920 _a83-87270-82-2
942 _cKS
008 s pl f |000 0 pol
999 _c34621
_d34621
856 _uhttp://koha.tu.koszalin.pl/cgi-bin/koha/opac-detail.pl?biblionumber=34621
_yKatalog online BPK